000 00642nam a2200241Ia 4500
005 20260429112308.0
008 260429s9999||||xx |||||||||||||| ||und||
020 _a9788119684014
041 _aEnglish
082 _a020.9
_bTHO
100 _aThomas, Joseph
245 0 _aLibrarian's companion legal literacy /
_cJoseph Thomas
260 _aJaipur :
_bBook Enclave,
_c2024.
300 _ax, 160 p.; hb
650 _a Copyright
650 _a Information ethics
650 _a Information law
650 _a Legal literacy
650 _a Library management
650 _aLibrary law
700 _a Mohanan, Neethu
942 _cTB
999 _c53361
_d53361